Culture Générale - Série 1634 - Statistiques

Statistiques générales
  • Ce quiz a été pris 102 fois
  • Le résultat moyen est 5 sur 10
Statistiques - réponses
Question Réponse % Correct
Quel animal est familièrement appelé "clebs" ? chien
99%
Qu'est-ce qui peut être de lait chez l'enfant, de la mer pour parler du requin et du Midi dans les Alpes Suisses ? dents
88%
D'après la Bible, sur quelle montagne Moïse a-t-il reçu le décalogue des mains de Dieu ? mont Sinaï
69%
Dans la mythologie grecque, quelle Gorgone mortelle au regard pétrifiant, avait une chevelure de serpents ? Méduse
62%
En 2002, quelle ville américaine est le titre d'une comédie musicale avec Renée Zellweger et Catherine Zeta-Jones ? Chicago
39%
En 1896, quel président de la République accueille le tsar Nicolas II à Paris ? Félix Faure
38%
Quel réalisateur emblématique de la Nouvelle Vague a reçu deux César d'honneur, en 1987 et 1997 ? Jean-Luc Godard
32%
Quel mont culminant à 584 mètres surplombe la ville de Toulon ? mont Faron
28%
Quelle antilope d'Afrique australe, dont le nom signifie proprement "bouc sauteur" est aussi appelée “euchore” ? springbok
21%
Quel ordre monacal est fondé en 1098 par Robert de Molesmes ? Cisterciens
9%
Aucun quiz correspondant
Distribution des résultats
% des personnes avec chaque résultat
Percentile par nombre de réponses
Votre historique - résultats
Vous n’avez pas pris ce quiz